| 000 | 00350nam a2200133Ia 4500 | ||
|---|---|---|---|
| 008 | 191014s9999 xx 000 0 und d | ||
| 020 | _a9971-950-03-0 | ||
| 082 |
_a539.721 _bHUA |
||
| 100 |
_aKerson Huang _920301 |
||
| 245 | 0 | _aQuarks Leptons & Gauge Fields | |
| 260 |
_aUSA _bSingapore National Printers _c1982 |
||
| 300 | _aX,281 | ||
| 942 | _cBK | ||
| 999 |
_c530925 _d530925 |
||